Word Ladder: More Chess Quiz Stats

 Plays Quiz Updated Mar 6, 2012

Support Sporcle.
Go Orange.
Score 0/35 Timer 03:00
2 Plays Today
Hint Word % Correct
♙ Chess piece ♙♟ PAWN ♟
96.5%
Lambasts criticallyPANS
95.4%
Doggie feetPAWS
94.8%
DaybreakDAWN
93.4%
♕ Chess piece ♕♛ KING ♛
91%
♖ Chess piece ♖♜ ROOK ♜
83.4%
Lady horseMARE
82%
• Winning move? •• MATE •
81.7%
HungerPANG
81.6%
Radar blipPING
80.3%
Nothing, in tennisLOVE
75.9%
Lady knightDAME
71.2%
• Capture •• TAKE •
70.3%
CurseDAMN
70%
Tiny pestMITE
69%
Flying toyKITE
68.9%
Fish nemesis?HOOK
68.6%
• Engage in chess •• PLAY •
68.2%
Hint Word % Correct
Michigan or BaikalLAKE
65.9%
Shipping weightTARE
64.8%
Goose's greetingHONK
63.1%
CattleKINE
62.7%
WashLAVE
61%
____ and BoardROOM
59.5%
WanderROAM
58.3%
• Pastime •• GAME •
55.9%
SharpenHONE
53.3%
SudsFOAM
53.1%
Potter's mediumCLAY
52.4%
Wait or lingerHOVE
48.4%
• Tied game •• DRAW •
43.8%
Wee sip o' scotchDRAM
30.9%
Oil filter brandFRAM
30.8%
GulletCRAW
25.8%
Supercomputer brandCRAY
25.7%

Today's Daily Dose

You're not logged in!

Compare scores with friends on all Sporcle quizzes.
OR
Log In

From the Vault

Things Meat Loaf WOULD Do For Love

by MrChewypoo

Is it just us, or is Meatloaf getting more attractive as he ages?
Remove Ads.
Support Sporcle.
Get the best of Sporcle when you Go Orange. This ad-free experience offers more features, more stats, and more fun while also helping to support Sporcle. Thank you for becoming a member.

Show Comments

Extras

Top Quizzes Today


Score Distribution

Your Account Isn't Verified!

In order to create a playlist on Sporcle, you need to verify the email address you used during registration. Go to your Sporcle Settings to finish the process.

Report this User

Report this user for behavior that violates our Community Guidelines.

Details: